| 000 | 00391nam a22001097a 4500 | ||
|---|---|---|---|
| 005 | 20250725101909.0 | ||
| 008 | 250725b |||||||| |||| 00| 0 eng d | ||
| 050 |
_aTHE KF 27. T37 2016 _bC.1 |
||
| 100 | _aTARUS, MOSES KIPKOSGEI | ||
| 245 |
_aAN ASSESSMENT OF THE CAUSES OF UNETHICAL PROCUREMENT PROCESS IN THE POLICE SERVICE _bA CASE OF MASABA NORTH SUB-COUNTY HEADQUARTERS |
||
| 942 |
_2lcc _cREF |
||
| 999 |
_c215960 _d215960 |
||